| 000 | 00634nam a2200217 u 4500 | ||
|---|---|---|---|
| 005 | 20250111063819.0 | ||
| 008 | 130617s2002 mx r 000 0 spa d | ||
| 020 | _a9687997451 | ||
| 035 | _aUPN01000191599 | ||
| 049 | _aCG | ||
| 050 | 4 |
_aLB1775 _bD5.5 |
|
| 245 | 0 | 0 |
_aDime, maestro te escucho : _bcaminos de gis / |
| 260 |
_aMéxico : _bSEP : _bSEPEN, _c2002. |
||
| 300 | _a369 p. | ||
| 440 | 0 | _aTestimonios | |
| 650 | 4 |
_aMAESTROS - _vANECDOTAS, CHISTES, SATIRAS, ETC. _918647 |
|
| 650 | 4 |
_aEducación _vAnécdotas, chistes, sátiras, etc. _9680 |
|
| 650 | 4 |
_aExperiencia docente _921858 |
|
| 905 | _aLibro | ||
| 999 |
_c163702 _d163702 |
||